Общественные науки: [сборник]; Труды Ленинградского политехнического института имени М. И. Калинина

Bibliografiske detaljer
Parent link:Труды Ленинградского политехнического института имени М. И. Калинина: [сборник]/ Ленинградский политехнический институт им. М. И. Калинина (ЛПИ). № 213: Общественные науки.— , 1941-
Sprog:russisk
engelsk
Udgivet: Ленинград, Изд-во ЛПИ, 1960
Fag:
Format: MixedMaterials Bog
KOHA link:https://koha.lib.tpu.ru/cgi-bin/koha/opac-detail.pl?biblionumber=353168

MARC

LEADER 00000nam2a2200000 4500
001 353168
005 20231102010551.0
035 |a (RuTPU)RU\TPU\retro\10247 
035 |a RU\TPU\retro\10236 
090 |a 353168 
100 |a 20200313d1960 k y0rusy50 ca 
101 0 |a rus  |a eng 
102 |a RU 
200 0 |a Общественные науки  |e [сборник]  |f под ред. В. С. Смирнова  |v № 213 
210 |a Ленинград  |a Москва  |c Изд-во ЛПИ  |d 1960 
215 |a 172 стр. 
461 1 |0 (RuTPU)RU\TPU\retro\9721  |t Труды Ленинградского политехнического института имени М. И. Калинина  |o [сборник]  |f Ленинградский политехнический институт им. М. И. Калинина (ЛПИ)  |v № 213: Общественные науки  |d 1941-  
600 1 |a Ленин  |b В. И.  |c настоящая фамилия Ульянов  |c российский политический деятель  |f 1870-1924  |g Владимир Ильич  |2 stltpush  |3 (RuTPU)RU\TPU\pers\1074  |9 486 
606 1 |a Общественные науки  |x Методология  |x История  |2 stltpush  |3 (RuTPU)RU\TPU\subj\46681  |9 65798 
610 1 |a социалистическая революция 
610 1 |a буржуазно-демократическая революция 
610 1 |a перерастание 
610 1 |a закономерности 
610 1 |a строительство социолизма 
610 1 |a национальные вопросы 
610 1 |a тяжелая промышленность 
610 1 |a развитие 
610 1 |a внешняя политика 
610 1 |a профсоюзная организация 
610 1 |a сельскохозяйственные рабочие 
610 1 |a буржуазная социология 
610 1 |a критика 
801 1 |a RU  |b 63413507  |c 20160623 
801 2 |a RU  |b 63413507  |c 20200208  |g RCR 
801 2 |a RU  |b 63413507  |c 20200601  |g RCR 
942 |c BK